Indre-et-Loire - mort subite - Statistiques

Statistiques générales
  • Ce quiz a été pris 31 fois
    6 depuis la dernière actualisation
  • Le résultat moyen est 8 sur 18
Answers on the Grid
Answers color-coded by a green-red scale on the quiz's grid according to % correct below.
Toul
Le tombeau de Philippe I
Châtellerault
Strasbourg
Le château de Langeais
L'ancienne capitale royale de la France
Amiens
Chalcis
La confluence Loire et Cher
Tours
La plus ancienne église au monde
La plus ancienne église toujours en usage
Menton
La Riche
Dornbirn
Un amphithéatre romain
Saint-Pierre-des-Corps
Le siège du gouvernement en 1940
Sokoto
Vouvray
Un aéroport international
Maxixe
Des cigognes noires
Vendôme
Le siège du gouvernement en 1870
Chinon
Nazinon
Le château de Chenonceau
Loches
Joué-lès-Tours
Le tombeau de Marie Antoinette
Château-Thierry
Saint-Cyr-sur-Loire
Un champ de bataille de la guerre franco-allemande de 1870
Château Cheval Blanc
Vierzon
 
Statistiques - réponses
Réponse % Correct
Aire urbaine de Tours La Riche
80%
Le château de Langeais
80%
Tours
80%
Vouvray
80%
Chinon
60%
Tours La confluence Loire et Cher
60%
Dans les 15e et 16e siècles L'ancienne capitale royale de la France
60%
Le château de Chenonceau
60%
Loches
60%
Aire urbaine de Tours Saint-Pierre-des-Corps
60%
Joué-lès-Tours
40%
Saint-Cyr-sur-Loire
40%
Le siège provisoire du gouvernement français pendant trois jours (château de Cangé à Saint-Avertin (Tours)) Le siège du gouvernement en 1940
20%
Tours Un aéroport international
20%
Un des dix immeubles les plus grands de l'empire romain Un amphithéatre romain
20%
Des cigognes noires
0%
Siège provisoire du gouvernement français (Gambetta est venue de Paris en ballon) Le siège du gouvernement en 1870
0%
Monnaie (près de Tours) Un champ de bataille de la guerre franco-allemande de 1870
0%
Aucun quiz correspondant
Distribution des résultats
% des personnes avec chaque résultat
Percentile par nombre de réponses
Votre historique - résultats
Vous n’avez pas pris ce quiz depuis la dernière actualisation